000 00559nam a2200217Ia 4500
003 OSt
005 20220928144526.0
006 a|||||r|||| 00| 0
007 ta
008 220927b |||||||| |||| 00| 0 eng d
024 _a71381
037 _cTextual
040 _aSDCL
_cSDCL
_beng
041 _2eng
_aeng
082 _aV1:51'N39, L7
100 _aAdamthwaite Anthony P
_9508046
245 0 _aMaking of the second world war.
260 _c1977
942 _hV1:51'N39, L7
_cTEXL
_2CC
999 _c827559
_d827559